[Event "41. Open Ciutat de Badalona 2015"]
[Site "Badalona ESP"]
[Date "2015.08.06"]
[Round "5.1"]
[White "Grigoryan, Karen H."]
[Black "Cori, Jorge"]
[Result "1/2-1/2"]
[WhiteElo "2582"]
[BlackElo "2635"]
[PlyCount "56"]
[EventDate "2015.08.02"]
[EventType "swiss"]
[EventRounds "9"]
[EventCountry "ESP"]
[SourceTitle "Ajedrez en Madrid"]
[Source "lmi"]
[SourceDate "2015.08.02"]
[SourceVersion "1"]
[SourceVersionDate "2018.07.18"]
[SourceQuality "1"]

1. c4 e5 2. Nc3 Nc6 3. Nf3 g6 4. d4 exd4 5. Nxd4 Bg7 6. Nxc6 bxc6 7. e4 d6 8.
Be3 Nf6 9. Be2 O-O 10. Qd2 Ng4 11. Bxg4 Bxg4 12. Bd4 f6 13. O-O Be6 14. b3 c5
15. Be3 f5 16. Bh6 Bxh6 17. Qxh6 Qf6 18. exf5 Qxc3 19. fxe6 Rae8 20. Rae1 Rf5
21. Qh4 Re5 22. f4 Qd4+ 23. Kh1 Rxe1 24. Rxe1 Kg7 25. h3 Qf6 26. Qg4 h5 27. Qe2
Qxf4 28. e7 Qf6 1/2-1/2

[Event "41. Open Ciutat de Badalona 2015"]
[Site "Badalona ESP"]
[Date "2015.08.06"]
[Round "5.2"]
[White "Hughes, John L"]
[Black "Narciso Dublan, Marc"]
[Result "0-1"]
[WhiteElo "2184"]
[BlackElo "2532"]
[PlyCount "92"]
[EventDate "2015.08.02"]
[EventType "swiss"]
[EventRounds "9"]
[EventCountry "ESP"]
[SourceTitle "Ajedrez en Madrid"]
[Source "lmi"]
[SourceDate "2015.08.02"]
[SourceVersion "1"]
[SourceVersionDate "2018.07.18"]
[SourceQuality "1"]

1. e4 d6 2. d4 Nf6 3. Nc3 g6 4. f4 Bg7 5. Nf3 O-O 6. Bd3 Nc6 7. e5 dxe5 8. dxe5
Nd5 9. Nxd5 Qxd5 10. Qe2 Bg4 11. Be4 Qa5+ 12. Bd2 Qb6 13. Bc3 Rad8 14. Qf2 f6
15. Qxb6 cxb6 16. O-O Bxf3 17. Bxf3 fxe5 18. fxe5 Nxe5 19. Bxb7 Rxf1+ 20. Rxf1
Nc4 21. Bxg7 Kxg7 22. b3 Ne3 23. Re1 Rd1 24. Rxd1 Nxd1 25. Bf3 Nc3 26. a4 e5
27. Kf2 e4 28. Be2 Kf6 29. Ke3 Ke5 30. Bc4 g5 31. Bg8 h5 32. Bf7 h4 33. Bg8 a6
34. Bc4 b5 35. axb5 axb5 36. Bg8 b4 37. g3 hxg3 38. hxg3 Nd5+ 39. Ke2 Kd4 40.
Kd2 Ne3 41. Ke2 Nxc2 42. Be6 Ne3 43. g4 Nd5 44. Bf7 Nf6 45. Be6 Ke5 46. Bc8 Kf4
0-1

[Event "41. Open Ciutat de Badalona 2015"]
[Site "Badalona ESP"]
[Date "2015.08.06"]
[Round "5.3"]
[White "Alsina Leal, Daniel"]
[Black "Arenas, David"]
[Result "1-0"]
[WhiteElo "2531"]
[BlackElo "2439"]
[PlyCount "83"]
[EventDate "2015.08.02"]
[EventType "swiss"]
[EventRounds "9"]
[EventCountry "ESP"]
[SourceTitle "Ajedrez en Madrid"]
[Source "lmi"]
[SourceDate "2015.08.02"]
[SourceVersion "1"]
[SourceVersionDate "2018.07.18"]
[SourceQuality "1"]

1. e4 c5 2. d3 Nc6 3. f4 g6 4. Nf3 Bg7 5. Be2 d6 6. O-O Nf6 7. Qe1 O-O 8. Qh4
e6 9. f5 exf5 10. Bg5 h6 11. Bxh6 Nh7 12. Bxg7 Qxh4 13. Nxh4 Kxg7 14. exf5 Nd4
15. Bd1 Nxf5 16. Nxf5+ Bxf5 17. Nc3 Nf6 18. Bf3 Bg4 19. Bxg4 Nxg4 20. Rae1 Rfe8
21. Nb5 d5 22. Nd6 Rxe1 23. Rxe1 Kf8 24. h3 Nf6 25. g4 b6 26. Rf1 Ke7 27. Nxf7
Kxf7 28. g5 Kg7 29. Rxf6 Re8 30. Kf2 d4 31. Rc6 Re7 32. h4 Rf7+ 33. Kg3 Re7 34.
Kf4 Kf7 35. a4 Re2 36. a5 Rxc2 37. axb6 axb6 38. Rf6+ Kg7 39. Rxb6 Re2 40. b4
Rf2+ 41. Ke5 Re2+ 42. Kd5 1-0

[Event "41. Open Ciutat de Badalona 2015"]
[Site "Badalona ESP"]
[Date "2015.08.06"]
[Round "5.4"]
[White "Harutyunian, Tigran K."]
[Black "Rios, Cristhian Camilo"]
[Result "1/2-1/2"]
[WhiteElo "2472"]
[BlackElo "2435"]
[PlyCount "45"]
[EventDate "2015.08.02"]
[EventType "swiss"]
[EventRounds "9"]
[EventCountry "ESP"]
[SourceTitle "Ajedrez en Madrid"]
[Source "lmi"]
[SourceDate "2015.08.02"]
[SourceVersion "1"]
[SourceVersionDate "2018.07.18"]
[SourceQuality "1"]

1. c4 e5 2. Nc3 Bb4 3. Nd5 Be7 4. d4 d6 5. e4 Nf6 6. Nxe7 Qxe7 7. f3 exd4 8.
Qxd4 Nc6 9. Qc3 O-O 10. Ne2 Re8 11. Nf4 a5 12. Be2 Nb4 13. O-O c6 14. a3 d5 15.
Be3 dxe4 16. axb4 axb4 17. Qc1 Rxa1 18. Qxa1 exf3 19. Rxf3 Bg4 20. Bf2 Bxf3 21.
Bxf3 Qd6 22. Qc1 Ne4 23. Be3 1/2-1/2

[Event "41. Open Ciutat de Badalona 2015"]
[Site "Badalona ESP"]
[Date "2015.08.06"]
[Round "5.5"]
[White "Pardo Simon, David"]
[Black "Perez Mitjans, Orelvis"]
[Result "1/2-1/2"]
[WhiteElo "2468"]
[BlackElo "2434"]
[PlyCount "95"]
[EventDate "2015.08.02"]
[EventType "swiss"]
[EventRounds "9"]
[EventCountry "ESP"]
[SourceTitle "Ajedrez en Madrid"]
[Source "lmi"]
[SourceDate "2015.08.02"]
[SourceVersion "1"]
[SourceVersionDate "2018.07.18"]
[SourceQuality "1"]

1. d4 d5 2. c4 Nc6 3. Nc3 Nf6 4. cxd5 Nxd5 5. Nf3 e5 6. dxe5 Bb4 7. Bd2 Nxc3 8.
bxc3 Ba5 9. Qa4 O-O 10. e3 Qd5 11. Bc4 Qc5 12. Qb5 Qxb5 13. Bxb5 Bd7 14. c4
Bxd2+ 15. Kxd2 Rfe8 16. Rab1 a6 17. Bxc6 Bxc6 18. Kc3 Rad8 19. Rhd1 Rxd1 20.
Rxd1 Kf8 21. Nd4 Bxg2 22. Rg1 Be4 23. f3 Bg6 24. f4 Be4 25. c5 f6 26. exf6 gxf6
27. a3 Kf7 28. h4 Re7 29. h5 h6 30. Kc4 Bh7 31. Rg3 Bb1 32. Rg1 Bh7 33. Rg3 Be4
34. Rg1 Rd7 35. f5 Rd5 36. Rg6 b6 37. cxb6 cxb6 38. Rxh6 Rc5+ 39. Kb3 Bxf5 40.
Nxf5 Rxf5 41. Rh7+ Ke6 42. Rb7 Rxh5 43. Rxb6+ Ke5 44. Kc3 Rh3 45. Kd3 f5 46.
Rb4 Rh6 47. Ra4 Rc6 48. Ra5+ 1/2-1/2

[Event "41. Open Ciutat de Badalona 2015"]
[Site "Badalona ESP"]
[Date "2015.08.06"]
[Round "5.6"]
[White "Peralta, Fernando"]
[Black "Valderrama Quiceno, Esteban A"]
[Result "1-0"]
[WhiteElo "2564"]
[BlackElo "2357"]
[PlyCount "79"]
[EventDate "2015.08.02"]
[EventType "swiss"]
[EventRounds "9"]
[EventCountry "ESP"]
[SourceTitle "Ajedrez en Madrid"]
[Source "lmi"]
[SourceDate "2015.08.02"]
[SourceVersion "1"]
[SourceVersionDate "2018.07.18"]
[SourceQuality "1"]

1. d4 Nf6 2. c4 e6 3. Nc3 Bb4 4. e3 O-O 5. Bd3 c5 6. a3 Bxc3+ 7. bxc3 Nc6 8.
Rb1 b6 9. e4 e5 10. d5 Ne7 11. Ne2 d6 12. Ng3 Ng6 13. O-O Nf4 14. Bc2 Ba6 15.
Bb3 b5 16. cxb5 Bxb5 17. c4 Bd7 18. Bd2 Rb8 19. h3 Qc8 20. Qf3 Ng6 21. Bg5 Ne8
22. Bc2 Rxb1 23. Rxb1 h6 24. Bd2 Qa6 25. Qc3 Nf6 26. Bd3 Nf4 27. Bf1 h5 28. f3
Qa4 29. Bxf4 exf4 30. Ne2 Bc8 31. Nxf4 Ba6 32. h4 Re8 33. Be2 Kf8 34. Bd3 Re5
35. Ne2 Nd7 36. Ng3 g6 37. f4 Re8 38. Nf1 Kg8 39. Nd2 Nb6 40. e5 1-0

[Event "41. Open Ciutat de Badalona 2015"]
[Site "Badalona ESP"]
[Date "2015.08.06"]
[Round "5.7"]
[White "Cruz, Jonathan"]
[Black "Jose Abril, Ramon"]
[Result "1-0"]
[WhiteElo "2450"]
[BlackElo "2337"]
[PlyCount "71"]
[EventDate "2015.08.02"]
[EventType "swiss"]
[EventRounds "9"]
[EventCountry "ESP"]
[SourceTitle "Ajedrez en Madrid"]
[Source "lmi"]
[SourceDate "2015.08.02"]
[SourceVersion "1"]
[SourceVersionDate "2018.07.18"]
[SourceQuality "1"]

1. e4 c5 2. Nf3 Nc6 3. d4 cxd4 4. Nxd4 e5 5. Nb5 d6 6. c4 Be7 7. N1c3 a6 8. Na3
Be6 9. Be3 Bg5 10. Qd2 Bxe3 11. fxe3 Nf6 12. Bd3 Rc8 13. O-O Nb4 14. Nd5 Bxd5
15. exd5 Qb6 16. c5 dxc5 17. Nc4 Qd8 18. Bf5 Rb8 19. e4 g6 20. a3 gxf5 21. Rxf5
O-O 22. Qg5+ Kh8 23. Rxf6 Nd3 24. Nxe5 c4 25. Qf5 Nxe5 26. Qxe5 Re8 27. Qc3 Kg8
28. Raf1 Rxe4 29. Qf3 Re8 30. Qg3+ Kh8 31. Rxf7 Qb6+ 32. Kh1 Qd4 33. Rxh7+ Kxh7
34. Rf7+ Kh6 35. Qh3+ Kg6 36. Qf5+ 1-0

[Event "41. Open Ciutat de Badalona 2015"]
[Site "Badalona ESP"]
[Date "2015.08.06"]
[Round "5.8"]
[White "Petrosyan, Tigran S."]
[Black "Vehi Bach, Victor Manuel"]
[Result "1-0"]
[WhiteElo "2441"]
[BlackElo "2330"]
[PlyCount "71"]
[EventDate "2015.08.02"]
[EventType "swiss"]
[EventRounds "9"]
[EventCountry "ESP"]
[SourceTitle "Ajedrez en Madrid"]
[Source "lmi"]
[SourceDate "2015.08.02"]
[SourceVersion "1"]
[SourceVersionDate "2018.07.18"]
[SourceQuality "1"]

1. Nf3 e6 2. c4 Nf6 3. Nc3 d5 4. d4 Bb4 5. Bg5 h6 6. Bxf6 Qxf6 7. Qb3 c5 8.
cxd5 exd5 9. a3 Bxc3+ 10. Qxc3 Nd7 11. e3 O-O 12. Be2 b6 13. O-O Bb7 14. Rac1
Rac8 15. b4 Qd6 16. bxc5 bxc5 17. dxc5 Rxc5 18. Qb4 Rfc8 19. Rxc5 Nxc5 20. Nd4
g6 21. Bg4 f5 22. Bf3 Ba6 23. Rd1 Bc4 24. h3 Kh7 25. Rb1 Bd3 26. Rd1 Rb8 27.
Qc3 Bc4 28. Nc2 Bb3 29. Rd4 Ne6 30. Rb4 Rxb4 31. Nxb4 Bc4 32. Qf6 a5 33. Qf7+
Kh8 34. Nc2 Ng5 35. Qa7 Bb3 36. Qa8+ 1-0

[Event "41. Open Ciutat de Badalona 2015"]
[Site "Badalona ESP"]
[Date "2015.08.06"]
[Round "5.9"]
[White "Panelo, Marcelo"]
[Black "Olivares Canelles, Francisco"]
[Result "1/2-1/2"]
[WhiteElo "2418"]
[BlackElo "2305"]
[PlyCount "144"]
[EventDate "2015.08.02"]
[EventType "swiss"]
[EventRounds "9"]
[EventCountry "ESP"]
[SourceTitle "Ajedrez en Madrid"]
[Source "lmi"]
[SourceDate "2015.08.02"]
[SourceVersion "1"]
[SourceVersionDate "2018.07.18"]
[SourceQuality "1"]

1. d4 Nf6 2. c4 e6 3. Nc3 Bb4 4. e3 O-O 5. Bd3 d5 6. cxd5 exd5 7. Nge2 c6 8.
Bd2 Re8 9. Rc1 Nbd7 10. O-O Nf8 11. Ng3 g6 12. Qe1 Bd6 13. f3 Ne6 14. Nge2 Bf8
15. Qh4 Be7 16. Qf2 c5 17. dxc5 Nxc5 18. Bb1 Qb6 19. Nd4 Bd7 20. Be1 Rac8 21.
Qd2 Ne6 22. Bf2 Nxd4 23. exd4 Bd6 24. a3 Bc6 25. g3 Bf8 26. Rfe1 Bg7 27. Ba2 a5
28. Re5 Red8 29. Rce1 Qa7 30. g4 b5 31. g5 Nh5 32. Re7 Qb8 33. Qe3 b4 34. axb4
axb4 35. Ne2 Bf8 36. Re5 Bd6 37. Nf4 Bxe5 38. dxe5 d4 39. Qb3 Qb7 40. e6 Nxf4
41. exf7+ Kf8 42. Re8+ Bxe8 43. fxe8=Q+ Kxe8 44. Qg8+ Kd7 45. Qf7+ Kc6 46. Qxf4
Qe7 47. Bb1 Qd6 48. Be4+ Kb6 49. Qf7 Rc7 50. Qa2 Ra7 51. Qc4 Qc5 52. Qe6+ Rd6
53. Qe8 Qxg5+ 54. Bg3 Qd8 55. Qe5 Rad7 56. Bd3 Rd5 57. Qe6+ R7d6 58. Qe1 Kc6
59. Qxb4 Qa5 60. Bxd6 Qa1+ 61. Kf2 Rxd6 62. Bb5+ Kd5 63. Bc4+ Kc6 64. Bb5+ Kd5
65. Qc4+ Ke5 66. Qc5+ Ke6 67. Bc4+ Kd7 68. Bb5+ Ke6 69. Qc8+ Ke5 70. Qc5+ Ke6
71. Bc4+ Kd7 72. Bb5+ Ke6 1/2-1/2

[Event "41. Open Ciutat de Badalona 2015"]
[Site "Badalona ESP"]
[Date "2015.08.06"]
[Round "5.10"]
[White "Morales, Jhon Alexander"]
[Black "Perpinya Rofes, Lluis Maria"]
[Result "0-1"]
[WhiteElo "2308"]
[BlackElo "2406"]
[PlyCount "68"]
[EventDate "2015.08.02"]
[EventType "swiss"]
[EventRounds "9"]
[EventCountry "ESP"]
[SourceTitle "Ajedrez en Madrid"]
[Source "lmi"]
[SourceDate "2015.08.02"]
[SourceVersion "1"]
[SourceVersionDate "2018.07.18"]
[SourceQuality "1"]

1. e4 g6 2. d4 Bg7 3. Nc3 d6 4. Be3 a6 5. Qd2 b5 6. a4 b4 7. Nd1 a5 8. c3 Nf6
9. f3 bxc3 10. bxc3 O-O 11. Bd3 Ba6 12. Bxa6 Nxa6 13. Ne2 c5 14. O-O cxd4 15.
cxd4 Nb4 16. Nb2 d5 17. e5 Nd7 18. Nf4 Nb6 19. Nfd3 Nxd3 20. Qxd3 Qd7 21. f4 e6
22. g4 Rfc8 23. f5 Nc4 24. Nd1 Rab8 25. Bg5 Rb4 26. Bf6 Bf8 27. Ra2 Rxa4 28.
Raf2 Qa7 29. Rf4 Ra2 30. Qf3 Nd2 31. Qg2 Rcc2 32. R1f2 Ne4 33. fxg6 fxg6 34.
Rxe4 Rxf2 0-1

[Event "41. Open Ciutat de Badalona 2015"]
[Site "Badalona ESP"]
[Date "2015.08.07"]
[Round "6.1"]
[White "Cori, Jorge"]
[Black "Alsina Leal, Daniel"]
[Result "1/2-1/2"]
[WhiteElo "2635"]
[BlackElo "2531"]
[PlyCount "201"]
[EventDate "2015.08.02"]
[EventType "swiss"]
[EventRounds "9"]
[EventCountry "ESP"]
[SourceTitle "Ajedrez en Madrid"]
[Source "lmi"]
[SourceDate "2015.08.02"]
[SourceVersion "1"]
[SourceVersionDate "2018.07.18"]
[SourceQuality "1"]

1. d4 Nf6 2. c4 c5 3. d5 b5 4. cxb5 a6 5. bxa6 g6 6. Nc3 Bg7 7. e4 O-O 8. Nf3
Qa5 9. Bd2 d6 10. Be2 Bxa6 11. O-O Bxe2 12. Qxe2 Qa6 13. Rfe1 Qxe2 14. Rxe2
Nbd7 15. h3 Rfb8 16. Be1 Ne8 17. Rc1 Bxc3 18. bxc3 f6 19. Rcc2 Ra4 20. Kf1 Kf7
21. g3 Rb7 22. c4 Rba7 23. Rc3 Rxa2 24. Rxa2 Rxa2 25. Nd2 g5 26. f4 gxf4 27.
gxf4 Ng7 28. Ke2 f5 29. Kf3 fxe4+ 30. Nxe4 h6 31. Rb3 Nf5 32. Bc3 Nf8 33. Rb7
Ng6 34. Bf6 Ra3+ 35. Kg4 Ne3+ 36. Kh5 Nxf4+ 37. Kxh6 Nexd5 38. cxd5 Nxd5 39.
Bh4 Ke8 40. Bxe7 Rxh3+ 41. Kg7 Nxe7 42. Nf6+ Kd8 43. Rd7+ Kc8 44. Rxe7 c4 45.
Nd5 c3 46. Rc7+ Kd8 47. Rc4 Kd7 48. Kf7 Rh7+ 49. Kg6 Rh1 50. Nb6+ Ke7 51. Rxc3
Rg1+ 52. Kf5 Rf1+ 53. Ke4 Re1+ 54. Kd5 Re5+ 55. Kd4 Ke6 56. Rh3 Rf5 57. Rh6+
Rf6 58. Rh4 Rf5 59. Nc4 Rd5+ 60. Ke4 Rd1 61. Rh6+ Kd7 62. Ne3 Rd2 63. Nf5 Re2+
64. Kd3 Re1 65. Rh7+ Kc6 66. Nd4+ Kd5 67. Rh5+ Re5 68. Rh1 Rg5 69. Nf3 Rg3 70.
Rh5+ Kc6 71. Rf5 Rh3 72. Ke4 Rh7 73. Nd4+ Kd7 74. Kd5 Re7 75. Nc6 Rh7 76. Rg5
Rf7 77. Na5 Ke7 78. Rh5 Rf1 79. Nc6+ Kf6 80. Rh6+ Kg5 81. Rxd6 Rd1+ 82. Nd4 Kf4
83. Rf6+ Kg5 84. Rf8 Kg6 85. Rf2 Kg5 86. Ke5 Re1+ 87. Ne2 Kg6 88. Ke6 Kg7 89.
Rg2+ Kf8 90. Rh2 Kg7 91. Rf2 Ra1 92. Rg2+ Kf8 93. Nd4 Ra6+ 94. Kd7 Ra7+ 95. Kd6
Ra6+ 96. Nc6 Kf7 97. Rf2+ Kg6 98. Kd5 Ra1 99. Ke6 Kg5 100. Nd4 Ra6+ 101. Ke5
1/2-1/2

[Event "41. Open Ciutat de Badalona 2015"]
[Site "Badalona ESP"]
[Date "2015.08.07"]
[Round "6.2"]
[White "Narciso Dublan, Marc"]
[Black "Peralta, Fernando"]
[Result "1/2-1/2"]
[WhiteElo "2532"]
[BlackElo "2564"]
[PlyCount "82"]
[EventDate "2015.08.02"]
[EventType "swiss"]
[EventRounds "9"]
[EventCountry "ESP"]
[SourceTitle "Ajedrez en Madrid"]
[Source "lmi"]
[SourceDate "2015.08.02"]
[SourceVersion "1"]
[SourceVersionDate "2018.07.18"]
[SourceQuality "1"]

1. d4 d5 2. c4 e6 3. Nf3 Nf6 4. Nc3 Bb4 5. cxd5 exd5 6. Bg5 Nbd7 7. Qa4 c5 8.
dxc5 Bxc3+ 9. bxc3 O-O 10. Qb4 h6 11. Bh4 Re8 12. e3 g5 13. Bg3 Ne4 14. Bb5
Ndxc5 15. O-O Bd7 16. Bxd7 Qxd7 17. Rfd1 Rac8 18. c4 Qa4 19. Qxa4 Nxa4 20. cxd5
Nac3 21. Rd3 Red8 22. d6 Ne2+ 23. Kf1 N2xg3+ 24. hxg3 Rc2 25. Rd4 f5 26. g4
Rxd6 27. Rxd6 Nxd6 28. Nd4 Rc5 29. gxf5 Nxf5 30. Nxf5 Rxf5 31. Rc1 Ra5 32. Rc8+
Kf7 33. Rc7+ Kf6 34. Rxb7 Rxa2 35. g4 Ra4 36. Rc7 Rxg4 37. Rxa7 h5 38. Ra6+ Kf5
39. f3 Rb4 40. Ra5+ Kg6 41. Ra6+ Kf5 1/2-1/2

[Event "41. Open Ciutat de Badalona 2015"]
[Site "Badalona ESP"]
[Date "2015.08.07"]
[Round "6.3"]
[White "Perez Mitjans, Orelvis"]
[Black "Grigoryan, Karen H."]
[Result "1/2-1/2"]
[WhiteElo "2434"]
[BlackElo "2582"]
[PlyCount "127"]
[EventDate "2015.08.02"]
[EventType "swiss"]
[EventRounds "9"]
[EventCountry "ESP"]
[SourceTitle "Ajedrez en Madrid"]
[Source "lmi"]
[SourceDate "2015.08.02"]
[SourceVersion "1"]
[SourceVersionDate "2018.07.18"]
[SourceQuality "1"]

1. e4 e5 2. Nf3 Nc6 3. Bb5 a6 4. Ba4 Nf6 5. d3 d6 6. O-O g6 7. c4 Bg7 8. d4 O-O
9. Bxc6 bxc6 10. dxe5 Nxe4 11. Re1 f5 12. exf6 Nxf6 13. Qa4 c5 14. Bg5 h6 15.
Bxf6 Qxf6 16. Nc3 Bb7 17. Re3 g5 18. h3 Qf5 19. Nd5 Bxd5 20. cxd5 Bxb2 21. Rae1
Qxd5 22. Re7 Rf7 23. h4 Raf8 24. hxg5 hxg5 25. Qc2 Bg7 26. Rxf7 Qxf7 27. Nxg5
Qf5 28. Qb3+ d5 29. Qg3 Qf4 30. Qxf4 Rxf4 31. Re8+ Rf8 32. Re6 c4 33. Rc6 Rb8
34. g3 c3 35. Kf1 d4 36. Ke2 Rb2+ 37. Kd3 Rd2+ 38. Ke4 d3 39. Rxc7 c2 40. Rc8+
Bf8 41. Ne6 Re2+ 42. Kxd3 Rxe6 43. Rxc2 Kf7 44. f4 Kf6 45. g4 a5 46. Rc4 Bb4
47. Rc8 Be1 48. Rc5 Bb4 49. Rb5 Rc6 50. Kd4 Bd2 51. Kd3 Bb4 52. Kd4 Rc2 53. a3
Bxa3 54. Rxa5 Bc1 55. Ra6+ Kf7 56. g5 Kg7 57. f5 Rc7 58. Rg6+ Kf8 59. Kd5 Ra7
60. Rf6+ Ke7 61. Re6+ Kf8 62. Rf6+ Kg8 63. Rg6+ Rg7 64. Ke4 1/2-1/2

[Event "41. Open Ciutat de Badalona 2015"]
[Site "Badalona ESP"]
[Date "2015.08.07"]
[Round "6.4"]
[White "Perpinya Rofes, Lluis Maria"]
[Black "Harutyunian, Tigran K."]
[Result "0-1"]
[WhiteElo "2406"]
[BlackElo "2472"]
[PlyCount "68"]
[EventDate "2015.08.02"]
[EventType "swiss"]
[EventRounds "9"]
[EventCountry "ESP"]
[SourceTitle "Ajedrez en Madrid"]
[Source "lmi"]
[SourceDate "2015.08.02"]
[SourceVersion "1"]
[SourceVersionDate "2018.07.18"]
[SourceQuality "1"]

1. e4 e5 2. Nf3 Nc6 3. Bb5 Nf6 4. Qe2 Bc5 5. c3 O-O 6. d3 Re8 7. Nbd2 a6 8. Ba4
b5 9. Bb3 d5 10. O-O h6 11. Rd1 Bf8 12. Nf1 Na5 13. Bc2 c5 14. a3 d4 15. Ng3
Qc7 16. b4 Nc6 17. cxd4 Bg4 18. Bb2 cxd4 19. Bb3 Be6 20. Bxe6 Rxe6 21. Bc1 a5
22. bxa5 Rxa5 23. Qb2 Qa7 24. Nd2 Nd7 25. Nb3 Ra6 26. Nf5 Kh7 27. f4 exf4 28.
Bxf4 g6 29. Ng3 Rxa3 30. Qf2 Rf6 31. Qc2 Nb4 32. Qd2 Na2 33. Ne2 Bb4 34. Qb2
Bc3 0-1

[Event "41. Open Ciutat de Badalona 2015"]
[Site "Badalona ESP"]
[Date "2015.08.07"]
[Round "6.5"]
[White "Rios, Cristhian Camilo"]
[Black "Pardo Simon, David"]
[Result "1/2-1/2"]
[WhiteElo "2435"]
[BlackElo "2468"]
[PlyCount "62"]
[EventDate "2015.08.02"]
[EventType "swiss"]
[EventRounds "9"]
[EventCountry "ESP"]
[SourceTitle "Ajedrez en Madrid"]
[Source "lmi"]
[SourceDate "2015.08.02"]
[SourceVersion "1"]
[SourceVersionDate "2018.07.18"]
[SourceQuality "1"]

1. d4 f5 2. c4 Nf6 3. Nc3 g6 4. h4 Bg7 5. h5 Nxh5 6. e4 Nf6 7. exf5 gxf5 8. Bh6
Bxh6 9. Rxh6 O-O 10. Be2 d6 11. Qd2 Rf7 12. O-O-O Rg7 13. Nh3 Nbd7 14. Nf4 Nf8
15. d5 Bd7 16. Rdh1 a6 17. Bd3 c6 18. Qc2 cxd5 19. cxd5 b5 20. Kb1 Rc8 21. Qe2
Qb6 22. R6h4 Qc5 23. a3 Rb8 24. Qc2 b4 25. axb4 Rxb4 26. Bxa6 Qa5 27. Bd3 Rb8
28. Kc1 Ng4 29. Bxf5 Bxf5 30. Qxf5 Nxf2 31. Rf1 Qa1+ 1/2-1/2

[Event "41. Open Ciutat de Badalona 2015"]
[Site "Badalona ESP"]
[Date "2015.08.07"]
[Round "6.6"]
[White "Sturt, Raven M"]
[Black "Cruz, Jonathan"]
[Result "0-1"]
[WhiteElo "2282"]
[BlackElo "2450"]
[PlyCount "64"]
[EventDate "2015.08.02"]
[EventType "swiss"]
[EventRounds "9"]
[EventCountry "ESP"]
[SourceTitle "Ajedrez en Madrid"]
[Source "lmi"]
[SourceDate "2015.08.02"]
[SourceVersion "1"]
[SourceVersionDate "2018.07.18"]
[SourceQuality "1"]

1. d4 Nf6 2. c4 e6 3. Nf3 d5 4. g3 Bb4+ 5. Bd2 Be7 6. Bg2 c6 7. Qc2 O-O 8. O-O
b6 9. b3 Ba6 10. Rd1 Nbd7 11. a4 Bd6 12. Be1 Qe7 13. Nbd2 c5 14. e4 cxd4 15.
Nxd4 Be5 16. Nc6 Qc5 17. Nxe5 Nxe5 18. exd5 exd5 19. Qf5 Rae8 20. b4 Qe7 21. b5
Bc8 22. Qb1 Bg4 23. Rc1 d4 24. f4 Ned7 25. Bf2 Nc5 26. Bc6 Rd8 27. Re1 Qd6 28.
Re5 Be6 29. Nf3 d3 30. Qb4 Ng4 31. Rd1 Nxf2 32. Kxf2 Ne4+ 0-1

[Event "41. Open Ciutat de Badalona 2015"]
[Site "Badalona ESP"]
[Date "2015.08.07"]
[Round "6.7"]
[White "Valdes Romero, Leonardo"]
[Black "Petrosyan, Tigran S."]
[Result "1/2-1/2"]
[WhiteElo "2396"]
[BlackElo "2441"]
[PlyCount "55"]
[EventDate "2015.08.02"]
[EventType "swiss"]
[EventRounds "9"]
[EventCountry "ESP"]
[SourceTitle "Ajedrez en Madrid"]
[Source "lmi"]
[SourceDate "2015.08.02"]
[SourceVersion "1"]
[SourceVersionDate "2018.07.18"]
[SourceQuality "1"]

1. Nf3 Nf6 2. c4 e6 3. g3 d5 4. d4 dxc4 5. Qa4+ Nbd7 6. Bg2 a6 7. Qxc4 b5 8.
Qc2 Bb7 9. Nc3 c5 10. O-O Rc8 11. dxc5 Bxc5 12. Qb3 b4 13. Na4 Bd5 14. Qd3 Bc4
15. Qd1 Be7 16. Nd4 Bd5 17. Bxd5 Nxd5 18. Nf5 O-O 19. Nxe7+ Nxe7 20. Bd2 a5 21.
a3 Nc6 22. axb4 axb4 23. Be3 Nf6 24. Nb6 Rb8 25. Qxd8 Rfxd8 26. Rfc1 Nd4 27.
Bxd4 Rxd4 28. Ra4 1/2-1/2

[Event "41. Open Ciutat de Badalona 2015"]
[Site "Badalona ESP"]
[Date "2015.08.07"]
[Round "6.8"]
[White "Arenas, David"]
[Black "Fernandez Diaz, Cristian"]
[Result "1-0"]
[WhiteElo "2439"]
[BlackElo "2277"]
[PlyCount "61"]
[EventDate "2015.08.02"]
[EventType "swiss"]
[EventRounds "9"]
[EventCountry "ESP"]
[SourceTitle "Ajedrez en Madrid"]
[Source "lmi"]
[SourceDate "2015.08.02"]
[SourceVersion "1"]
[SourceVersionDate "2018.07.18"]
[SourceQuality "1"]

1. e4 c5 2. Nf3 d6 3. d4 cxd4 4. Nxd4 Nf6 5. Nc3 g6 6. Be3 Bg7 7. f3 O-O 8. Qd2
Nc6 9. O-O-O d5 10. Kb1 Nxd4 11. e5 Nd7 12. Bxd4 e6 13. f4 f6 14. exf6 Nxf6 15.
g3 Bd7 16. Bg2 Rc8 17. Rhe1 Rc4 18. Be5 Qc8 19. Bf1 Rc5 20. Bd6 b5 21. Bxc5
Qxc5 22. Bg2 g5 23. f5 b4 24. Ne2 exf5 25. Bxd5+ Kh8 26. Bb3 a5 27. Qd6 Qf2 28.
Nd4 Qxh2 29. Be6 Bxe6 30. Nxe6 Rc8 31. Qe7 1-0

[Event "41. Open Ciutat de Badalona 2015"]
[Site "Badalona ESP"]
[Date "2015.08.07"]
[Round "6.9"]
[White "Diaz Camallonga, Carles"]
[Black "Panelo, Marcelo"]
[Result "1-0"]
[WhiteElo "2358"]
[BlackElo "2418"]
[PlyCount "73"]
[EventDate "2015.08.02"]
[EventType "swiss"]
[EventRounds "9"]
[EventCountry "ESP"]
[SourceTitle "Ajedrez en Madrid"]
[Source "lmi"]
[SourceDate "2015.08.02"]
[SourceVersion "1"]
[SourceVersionDate "2018.07.18"]
[SourceQuality "1"]

1. e4 c5 2. Nf3 d6 3. Bb5+ Nc6 4. O-O Bd7 5. c3 Nf6 6. Re1 a6 7. Ba4 e5 8. h3
Be7 9. d4 b5 10. Bc2 Qc7 11. d5 Na5 12. b3 O-O 13. Nbd2 Ne8 14. a4 bxa4 15.
bxa4 g6 16. Qe2 Ng7 17. Nc4 Nxc4 18. Qxc4 Rfb8 19. Ba3 Nh5 20. Reb1 Qa5 21. Bc1
Bc8 22. Be3 Bf6 23. Rb3 Rxb3 24. Qxb3 Nf4 25. Kh2 Nh5 26. Rb1 Bd8 27. Nd2 Qc7
28. Nc4 f5 29. Qb6 f4 30. Bd2 Qe7 31. Qc6 Qh4 32. Qe8+ Kg7 33. Nxd6 Nf6 34.
Qf7+ Kh6 35. Qf8+ Kh5 36. Bd1+ Bg4 37. Nf7 1-0

[Event "41. Open Ciutat de Badalona 2015"]
[Site "Badalona ESP"]
[Date "2015.08.07"]
[Round "6.10"]
[White "Cruz, Filemon"]
[Black "Ossa, Orlando"]
[Result "1-0"]
[WhiteElo "2395"]
[BlackElo "2249"]
[PlyCount "92"]
[EventDate "2015.08.02"]
[EventType "swiss"]
[EventRounds "9"]
[EventCountry "ESP"]
[SourceTitle "Ajedrez en Madrid"]
[Source "lmi"]
[SourceDate "2015.08.02"]
[SourceVersion "1"]
[SourceVersionDate "2018.07.18"]
[SourceQuality "1"]

1. Nf3 Nf6 2. g3 g6 3. Bg2 Bg7 4. O-O O-O 5. c4 d6 6. Nc3 Nc6 7. Rb1 a5 8. a3
Ng4 9. d3 h5 10. Bg5 f6 11. Bd2 e5 12. b4 axb4 13. axb4 Ne7 14. Qc1 Kh7 15. Ra1
Be6 16. Rxa8 Qxa8 17. Qb2 Qc8 18. Ra1 Nf5 19. Ra7 c6 20. Ne4 d5 21. cxd5 cxd5
22. Nc5 Rf7 23. Qa2 Bf8 24. Qa5 Bxc5 25. bxc5 e4 26. Ra8 Qc7 27. Ne1 Nd4 28.
dxe4 dxe4 29. Qxc7 Nxe2+ 30. Kf1 Rxc7 31. Kxe2 Bc4+ 32. Kd1 Nxf2+ 33. Kc1 Rxc5
34. Be3 Rf5 35. Rc8 Bd5 36. Rc7+ Kg8 37. h3 Bc6 38. Nc2 Nd3+ 39. Kd2 Ra5 40.
Bf1 Ne5 41. Kc3 g5 42. Bd4 Kf8 43. Be2 h4 44. gxh4 gxh4 45. Bb6 Rb5 46. Be3 Ra5
1-0